Szczegóły MARC
| 000 -Nagłówek |
| fixed length control field |
02468nam a2200565 i 4500 |
| 001 - Nr kontrolny bibl., która utworzyła rek. |
| control field |
xx004655450 |
| 003 - Siglum bibl., której nr kontr. jest w 001 |
| control field |
NUKAT |
| 005 - Data i czas ostatniej operacji |
| control field |
20260409114647.0 |
| 008 - Elementy pola stałej długości |
| fixed length control field |
190703s2019 pl a |001 0 pol c |
| 020 ## - ISBN |
| ISBN |
9788380985889 |
| dopowiedzenie |
(oprawa twarda) : |
| warunki dostępności |
zł 50,00 |
| 035 ## - Systemowy numer kontrolny |
| systemowy numer kontrolny |
(OCoLC)1111739732 |
| 035 ## - Systemowy numer kontrolny |
| systemowy numer kontrolny |
(NUKAT)xx004655450 |
| 040 ## - Instytucja sporządzająca opis |
| Instytucja, która sporządziła opis |
KAT U/MP |
| język katalgowania-trzyzn. kod |
pol |
| zasady opisu |
rda |
| Instytucja, która sporządziła rekord |
KAT U/MPs |
| Instytucja, która zmodyfikowała rekord |
KAT U/MP |
| -- |
OLSZT 008/bak |
| 045 2# - Okres czasu dla zawartości |
| czas między r. 9999 pne a nasz. czas. |
d1957 |
| -- |
d1990 |
| 046 ## - Kod rodz. daty, data1, data2 (daty pne) |
| Begin/single date |
2019 |
| 245 00 - Tytuł właściwy i oznaczenie odpow. |
| tytuł |
Normatywy Wojskowej Służby Wewnętrznej (1957-1990) / |
| dod. inf. ze s. tyt./ozn. odpow. |
wybór, wstęp i opracowanie Bartosz Kapuściak ; Instytut Pamięci Narodowej. Komisja Ścigania Zbrodni przeciwko Narodowi Polskiemu. |
| 260 ## - Adres wydawniczy |
| miejsce wydania, dystrybucji itp. |
Katowice ; |
| -- |
Kraków : |
| nazwa wydawcy, dystrybutora itp. |
Instytut Pamięci Narodowej - Komisja Ścigania Zbrodni przeciwko Narodowi Polskiemu, |
| data wydania, dystrybucji itp. |
2019. |
| 300 ## - Opis fizyczny |
| objętość i/lub forma materiału |
949 stron : |
| inne szczegóły opisu fizycznego |
ilustracje ; |
| format |
25 cm. |
| 336 ## - Content Type |
| Term |
Tekst |
| Code |
txt |
| Source |
rdacontent |
| 337 ## - Media Type |
| Term |
Bez urządzenia pośredniczącego |
| Code |
n |
| Source |
rdamedia |
| 338 ## - Carrier Type |
| Term |
Wolumin |
| Code |
nc |
| Source |
rdacarrier |
| 380 ## - Form of work |
| Form of work |
Książki |
| 380 ## - Form of work |
| Form of work |
Publikacje naukowe |
| 388 1# - TIME PERIOD OF CREATION |
| Time period of creation term |
2001- |
| 490 1# - Tytuł serii i ks. wielotom.-nie do wysz. |
| oznaczenie serii |
Normatywy Aparatu Represji ; |
| numer woluminu |
t. 6 |
| 490 1# - Tytuł serii i ks. wielotom.-nie do wysz. |
| oznaczenie serii |
Centralny Projekt Badawczy IPN Aparat Bezpieczeństwa Wojsko Polskie w Strukturach Państwa w XX Wieku |
| 504 ## - Uwaga o bibliografii |
| uwaga o bibliografii |
Bibliografia na stronach 923-933. Indeksy. |
| 610 27 - Hasło przedmiotowe-nazwa ciała zbior. |
| nazwa ciała zbior. lub geogr. |
Wojskowa Służba Wewnętrzna |
| źródło hasła |
DBN |
| 9 (RLIN) |
39744 |
| 610 17 - Hasło przedmiotowe-nazwa ciała zbior. |
| nazwa ciała zbior. lub geogr. |
Polska. |
| nazwa jednostki podrzędnej |
Wojsko Polskie (1944- ). |
| -- |
Wojskowa Służba Wewnętrzna |
| określnik formy |
źródła. |
| źródło hasła |
kaba |
| 9 (RLIN) |
39745 |
| 648 #7 - SUBJECT ADDED ENTRY--CHRONOLOGICAL TERM |
| Chronological term |
1901-2000 |
| Source of heading or term |
DBN |
| 9 (RLIN) |
34996 |
| 648 #7 - SUBJECT ADDED ENTRY--CHRONOLOGICAL TERM |
| Chronological term |
1945-1989 |
| Source of heading or term |
DBN |
| 9 (RLIN) |
36043 |
| 648 #7 - SUBJECT ADDED ENTRY--CHRONOLOGICAL TERM |
| Chronological term |
1989-2000 |
| Source of heading or term |
DBN |
| 9 (RLIN) |
36156 |
| 650 #7 - Hasło przedmiotowe-nazwa pospolita |
| nazwa pospolita lub geogr. |
Czynności operacyjne |
| źródło hasła |
DBN |
| 9 (RLIN) |
39434 |
| 650 #7 - Hasło przedmiotowe-nazwa pospolita |
| nazwa pospolita lub geogr. |
Instrukcja |
| źródło hasła |
DBN |
| 9 (RLIN) |
39746 |
| 650 #7 - Hasło przedmiotowe-nazwa pospolita |
| nazwa pospolita lub geogr. |
Normy |
| źródło hasła |
DBN |
| 9 (RLIN) |
39747 |
| 650 #7 - Hasło przedmiotowe-nazwa pospolita |
| nazwa pospolita lub geogr. |
PRL |
| źródło hasła |
DBN |
| 9 (RLIN) |
35084 |
| 650 #7 - Hasło przedmiotowe-nazwa pospolita |
| nazwa pospolita lub geogr. |
Służby wywiadowcze wojskowe |
| określnik geograficzny |
Polska |
| określnik chronologiczny |
1945-1990. |
| źródło hasła |
kaba |
| 9 (RLIN) |
39748 |
| 651 #7 - Hasło przedmiotowe-nazwa geogr. |
| nazwa geograficzna |
Polska |
| źródło hasła |
DBN |
| 9 (RLIN) |
35076 |
| 655 #7 - Termin określający rodzaj/formę |
| rodzaj/forma |
Dokumenty |
| źródło terminu |
DBN |
| 9 (RLIN) |
37215 |
| 655 #7 - Termin określający rodzaj/formę |
| rodzaj/forma |
Edycja krytyczna |
| źródło terminu |
DBN |
| 9 (RLIN) |
35006 |
| 655 #7 - Termin określający rodzaj/formę |
| rodzaj/forma |
Wydawnictwo źródłowe |
| źródło terminu |
DBN |
| 9 (RLIN) |
35066 |
| 658 ## - Nazwa określająca cel programu nauczania |
| główny cel programu nauczania |
Bezpieczeństwo i wojskowość |
| 658 ## - Nazwa określająca cel programu nauczania |
| główny cel programu nauczania |
Historia |
| 700 1# - Hasło dodatkowe - nazwa osobowa |
| nazwa osobowa |
Kapuściak, Bartosz |
| daty biograficzne |
(1983- ). |
| rodzaj współpracy |
Redakcja |
| -- |
Wstęp |
| -- |
Wybór |
| 9 (RLIN) |
14060 |
| 710 2# - Hasło dodatkowe - nazwa ciała zbior. |
| nazwa ciała zbior. lub nazwa geogr. |
Instytut Pamięci Narodowej - Komisja Ścigania Zbrodni przeciwko Narodowi Polskiemu. |
| rodzaj współpracy |
Instytucja sprawcza |
| -- |
Wydawca |
| kod rodzaju współpracy |
pbl |
| 9 (RLIN) |
11792 |
| 830 #0 - Hasło dod. serii i op. ks. wielotom. -tyt |
| tytuł |
Normatywy Aparatu Represji |
| oznaczenie tomu |
t. 6 |
| 9 (RLIN) |
39749 |
| 830 #0 - Hasło dod. serii i op. ks. wielotom. -tyt |
| tytuł |
Wojsko Polskie w Strukturach Państwa w XX Wieku |
| 9 (RLIN) |
39460 |
| 920 ## - ISBN |
| ISBN |
978-83-8098-588-9 (oprawa twarda) : zł 50,00 |
| 942 ## - ADDED ENTRY ELEMENTS (KOHA) |
| Source of classification or shelving scheme |
Dewey Decimal Classification |
| Koha item type |
pozycje dostępne na miejscu |